Welcome to CU Library Online Public Access Catalogue (OPAC)

Rukovodstvo sovremennoĭ shkoloĭ / (Record no. 5165)

MARC details
000 -LEADER
fixed length control field 00563cam a2200181 a 4500
001 - CONTROL NUMBER
control field 488780
005 - DATE AND TIME OF LATEST TRANSACTION
control field 20250325100548.0
008 - FIXED-LENGTH DATA ELEMENTS--GENERAL INFORMATION
fixed length control field 871208s1983 ru b 000 0 ruso
020 ## - INTERNATIONAL STANDARD BOOK NUMBER
Terms of availability 0.95rub
050 00 - LIBRARY OF CONGRESS CALL NUMBER
Classification number LB2831.626.S65
Item number B47 1983
100 1# - MAIN ENTRY--PERSONAL NAME
Personal name Berezni︠a︡k, Evgeniĭ.
245 10 - TITLE STATEMENT
Title Rukovodstvo sovremennoĭ shkoloĭ /
Statement of responsibility, etc. E.S. Berezni︠a︡k.
260 ## - PUBLICATION, DISTRIBUTION, ETC.
Place of publication, distribution, etc. Moskva :
Name of publisher, distributor, etc. "Prosveshchenie",
Date of publication, distribution, etc. 1983.
300 ## - PHYSICAL DESCRIPTION
Extent 205, [2] p. ;
Dimensions 22 cm.
440 #0 - SERIES STATEMENT/ADDED ENTRY--TITLE
Title Biblioteka direktora shkoly
650 #0 - SUBJECT ADDED ENTRY--TOPICAL TERM
Topical term or geographic name entry element School management and organization
Geographic subdivision Soviet Union.
942 ## - ADDED ENTRY ELEMENTS (KOHA)
Source of classification or shelving scheme Library of Congress Classification
Koha item type Books
Suppress in OPAC No
999 ## -
-- 5165
-- 5165
Holdings
Withdrawn status Lost status Source of classification or shelving scheme Damaged status Not for loan Collection Home library Current library Shelving location Date acquired Total checkouts Full call number Barcode Date last seen Copy number Price effective from Koha item type
    Library of Congress Classification     Non-fiction Undergraduate Library (Christ Temple) Undergraduate Library (Christ Temple) General stacks 03/25/2025   HD6971 COW ulct00001937 03/25/2025 1 03/25/2025 Books
    Library of Congress Classification     Non-fiction Undergraduate Library (Christ Temple) Undergraduate Library (Christ Temple) General stacks 03/25/2025   HD6971 COW ulct00001938 03/25/2025 2 03/25/2025 Books
© 2023-2024 Copyright: Central University Libraries. All Rights Reserved | Created by: Mahone Tech Office